000 00479nam a2200169 i 4500
001 42085
003 ES-MaACL
005 20230906160539.0
007 t|
008 030312s1970 sp ||||1| spa d
100 1 _aCastañón, Jesús.
_936443
245 1 3 _aEl río de mi sombra /
_cJesús Castañón Díaz.
260 _a[Palencia :
_bDiario Día,
_c1970]
300 _a61 p. ;
_c21 cm.
500 _aFinalista del premio Boscán 1969.
852 _aES-MaACL
_jC-39026
_bR.73976
999 _c42085
_d42085